000
00320nam a22001337a 4500
008
170906b xxu||||| |||| 00| 0 eng d
020
_a
9780071608626
041
_a
eng
080
_a
72
100
_a
41
101
_a
ARK
245
_a
TO BUILD NEW YORK 1000YEARS OF INFRASTRUCTURE
_c
MANN.R.S
942
_2
udc
_c
BK
999
_c
26229
_d
26229